| 000 | 01368nab a2200253 i 4500 | ||
|---|---|---|---|
| 001 | 768714001 | ||
| 003 | CO-MdFUSB | ||
| 005 | 20240710120827.0 | ||
| 008 | 240710t1988 sz ||||| |||| 00| 0 eng d | ||
| 040 |
_bspa _cCO-MdFUSB _dCO-MdFUSB |
||
| 041 | _aeng | ||
| 100 |
_aArana Quiroz, Pedro, _eautor |
||
| 245 |
_aTowards a reformed christology in Latin America _c/ Pedro Arana Quiroz |
||
| 520 | _aLa cristología es un esfuerzo por comprender, para que podamos proclamar que el Jesús de la historia, el hombre que caminó en Galilea, el proletario de Nazaret, es el hombre cuyo plan político era y es ser Rey del Reino de los Cielos. Y su trono mejor establecido fue y es la Cruz. Jesús de Nazaret: Dios encarnado, el Dios-hombre hecho humilde; el exaltado Ser Humano. La cristología debe llevarnos a reflexionar sobre el humanismo que encontramos en el Cristo de la Biblia. | ||
| 546 | _aTexto en inglés. | ||
| 630 | 0 | _aEcumenismo e humanismo, | |
| 650 | 7 |
_aCristología _9239 |
|
| 650 | 0 |
_aReforma de la iglesia _9958 |
|
| 650 | 7 |
_aTeología pastoral y unidad cristiana _97183 |
|
| 650 | 7 |
_aTeología de la liberación _9449 |
|
| 773 | 0 |
_049396 _982824 _dGinebra _oR2676 _tReformed World _w(CO-MdFUSB)38 _x0034-3056 _gVolumen 40, (número 1, 1988) páginas: 858 - 866 _qpágina: 858 |
|
| 942 | _cANA | ||
| 945 | _aCatherine Arias Álvarez - Practicante SENA | ||
| 999 |
_c70476 _d70476 |
||